| 000 | 01231nam a22002297a 4500 | ||
|---|---|---|---|
| 999 |
_c61249 _d61249 |
||
| 003 | Ge_BSU | ||
| 005 | 20240719122512.0 | ||
| 008 | 240110s2018 ge ||||| |||| 00| 0 geo d | ||
| 020 | _a9789941290954 | ||
| 041 | _ageo | ||
| 080 | _a069.02:7(479.22) ხ-93 | ||
| 100 |
_aხუნდაძე, ნინო _921026 |
||
| 245 |
_aსაქართველოს ეროვნული მუზეუმი / _cნინო ხუნდაძე; რედ. თამარ ჟურული; დიზაინერი ნესტან მაღალაშვილი. |
||
| 264 |
_aთბილისი : _bალიტრა L, _c2018. |
||
| 300 |
_a136 გვ.: _bილ.; _c26 სმ. |
||
| 440 |
_aმსოფლიოს საუკეთესო მუზეუმები ; წიგნი 7. _921027 |
||
| 501 | _aგარეკანზე ავტორი აღნიშნული არ არის. | ||
| 653 | _aმუზეუმი საქართველოში | ||
| 700 |
_aჟურული,თამარ _eრედქტორი _922885 |
||
| 700 |
_a მაღალაშვილი, ნესტან _eდიზაინერი _922886 |
||
| 942 |
_2udc _cᲬᲘᲒᲜᲘ |
||